| 000 | 00831 a2200217 4500 | ||
|---|---|---|---|
| 008 | 080820t xxu||||| |||| 00| 0 eng d | ||
| 010 | _aENG-84897 | ||
| 020 |
_a8131704033 _c575.00 |
||
| 035 | _aEG-68430 | ||
| 037 | _bD.B.Act / Pub | ||
| 082 | _a330.954 | ||
| 100 | _aSarkar, Jayanta. | ||
| 245 |
_aThe Indian economy _bpolicies, practices, and heresies _cJayanta Sarkar. |
||
| 260 |
_aNew Delhi _bDorling Kindersley (India), _c2007 |
||
| 300 |
_axii, 311 p. ; _c24 cm. (Hb) |
||
| 500 | _aIncludes index. | ||
| 651 |
_aIndia _xEconomic policy _y1991- |
||
| 651 |
_aIndia _xEconomic conditions _y1947- |
||
| 942 |
_adpl _cEN _k330.954 / SAR _2ddc _h330.954 _mSAR |
||
| 999 |
_c673 _d673 |
||